[Event "DVM U10 2015"]
[Site "Magdeburg GER"]
[Date "2015.12.28"]
[Round "4"]
[White "Bornemann, Malte"]
[Black "Huo, Da"]
[Result "0-1"]
[Termination "normal"]
[Board "1.2"]
[WhiteElo "1211"]
[BlackElo "1320"]
[WhiteClock "00:37:28"]
[BlackClock "00:16:30"]
[WhiteTeam "SchachAkademiePaderborn 1"]
[BlackTeam "Hamburger SK von 1830 1"]
[PlyCount "120"]
[WhiteFideId "16284470"]
[BlackFideId "16221206"]
[EventCountry "GER"]
[EventRounds "7"]
[EventType "team-swiss"]
[EventDate "2015.12.27"]

1. d4 {[%clk 0:59:59]} Nf6 {[%clk 0:59:55]} 2. Bf4 {[%clk 0:59:53]} e6 {[%clk
0:59:46]} 3. Nf3 {[%clk 0:59:38]} Be7 {[%clk 0:59:02]} 4. e3 {[%clk 0:59:31]}
d5 {[%clk 0:58:07]} 5. Bd3 {[%clk 0:59:15]} Nbd7 {[%clk 0:57:42]} 6. c3 {[%clk
0:59:01]} Nb6 {[%clk 0:57:30]} 7. Na3 {[%clk 0:58:04]} a6 {[%clk 0:56:57]} 8.
Nc2 {[%clk 0:57:45]} c5 {[%clk 0:56:23]} 9. O-O {[%clk 0:56:45]} O-O {[%clk
0:56:04]} 10. Ne5 {[%clk 0:56:19]} c4 {[%clk 0:55:31]} 11. Be2 {[%clk 0:56:08]}
Nbd7 {[%clk 0:54:59]} 12. Nb4 {[%clk 0:55:32]} a5 {[%clk 0:54:30]} 13. Nc2
{[%clk 0:55:10]} Nxe5 {[%clk 0:53:00]} 14. dxe5 {[%clk 0:54:23]} Nd7 {[%clk
0:52:16]} 15. Bg3 {[%clk 0:53:53]} Bh4 {[%clk 0:51:56]} 16. Nd4 {[%clk
0:53:22]} Bxg3 {[%clk 0:51:36]} 17. hxg3 Nxe5 {[%clk 0:51:22]} 18. b3 {[%clk
0:52:40]} cxb3 {[%clk 0:50:43]} 19. axb3 {[%clk 0:52:19]} Bd7 {[%clk 0:49:56]}
20. Qd2 {[%clk 0:51:13]} Nc6 {[%clk 0:49:36]} 21. Ra2 {[%clk 0:50:46]} Nxd4
{[%clk 0:48:16]} 22. exd4 {[%clk 0:50:20]} a4 {[%clk 0:47:58]} 23. Rfa1 {[%clk
0:49:59]} b5 {[%clk 0:46:16]} 24. Bf3 {[%clk 0:49:40]} Qc7 {[%clk 0:44:52]} 25.
Qd3 {[%clk 0:49:10]} Rfb8 {[%clk 0:41:04]} 26. c4 {[%clk 0:48:40]} bxc4 {[%clk
0:40:23]} 27. bxc4 {[%clk 0:48:32]} Rb3 {[%clk 0:39:57]} 28. Qxb3 {[%clk
0:48:15]} axb3 {[%clk 0:39:40]} 29. Rxa8+ {[%clk 0:48:11]} Bc8 {[%clk 0:39:30]}
30. cxd5 {[%clk 0:47:57]} b2 {[%clk 0:39:10]} 31. Rb1 {[%clk 0:47:32]} Qc1+
{[%clk 0:38:58]} 32. Rxc1 {[%clk 0:47:22]} bxc1=Q+ 33. Kh2 exd5 {[%clk
0:37:29]} 34. Bg4 {[%clk 0:47:14]} Qh6+ {[%clk 0:36:44]} 35. Bh3 {[%clk
0:47:01]} g6 {[%clk 0:36:31]} 36. Rxc8+ {[%clk 0:46:57]} Kg7 {[%clk 0:36:25]}
37. Rc7 {[%clk 0:46:36]} Kf6 {[%clk 0:34:04]} 38. Rc6+ {[%clk 0:46:25]} Kg7
{[%clk 0:33:16]} 39. Rd6 Qh5 {[%clk 0:30:10]} 40. g4 {[%clk 0:45:59]} Qg5
{[%clk 0:28:51]} 41. g3 {[%clk 0:45:47]} Qd2 {[%clk 0:28:35]} 42. Rxd5 {[%clk
0:45:34]} Qxf2+ {[%clk 0:28:12]} 43. Bg2 {[%clk 0:45:26]} h5 {[%clk 0:27:08]}
44. gxh5 {[%clk 0:44:05]} gxh5 {[%clk 0:26:58]} 45. Rd7 {[%clk 0:43:51]} h4
{[%clk 0:25:33]} 46. gxh4 {[%clk 0:43:37]} Qf4+ {[%clk 0:25:08]} 47. Kg1 {[%clk
0:43:13]} Qxh4 {[%clk 0:24:39]} 48. d5 {[%clk 0:42:51]} Qe1+ {[%clk 0:22:58]}
49. Bf1 {[%clk 0:42:07]} Qe3+ {[%clk 0:22:13]} 50. Kh2 {[%clk 0:41:44]} Qf2+
{[%clk 0:22:01]} 51. Bg2 {[%clk 0:41:39]} Qh4+ {[%clk 0:21:21]} 52. Bh3 {[%clk
0:41:36]} Qf4+ {[%clk 0:20:39]} 53. Kg1 {[%clk 0:41:20]} Qg3+ {[%clk 0:20:06]}
54. Bg2 {[%clk 0:41:13]} Qe1+ {[%clk 0:19:31]} 55. Bf1 {[%clk 0:41:12]} Qe4
{[%clk 0:18:38]} 56. Bg2 {[%clk 0:40:41]} Qg4 {[%clk 0:17:20]} 57. Rd8 {[%clk
0:39:19]} Qb4 {[%clk 0:16:52]} 58. d6 {[%clk 0:38:56]} Qb6+ {[%clk 0:16:45]}
59. Kh2 {[%clk 0:37:52]} Qxd8 {[%clk 0:16:34]} 60. Bh3 {[%clk 0:37:28]} Qxd6+
{[%clk 0:16:30]} 0-1

[Event "DVM U10 2015"]
[Site "Magdeburg GER"]
[Date "2015.12.28"]
[Round "4"]
[White "von Krosigk, Florian"]
[Black "Yin, Haode"]
[Result "0-1"]
[Termination "normal"]
[Board "1.3"]
[WhiteElo "1254"]
[BlackElo "1110"]
[WhiteClock "00:31:23"]
[BlackClock "00:26:46"]
[WhiteTeam "Hamburger SK von 1830 1"]
[BlackTeam "SchachAkademiePaderborn 1"]
[PlyCount "94"]
[WhiteFideId "16227808"]
[BlackFideId "16261348"]
[EventCountry "GER"]
[EventRounds "7"]
[EventType "team-swiss"]
[EventDate "2015.12.27"]

1. e4 {[%clk 0:59:58]} e6 {[%clk 0:59:49]} 2. d4 {[%clk 0:59:48]} d5 {[%clk
0:59:30]} 3. Nc3 {[%clk 0:59:42]} dxe4 {[%clk 0:59:14]} 4. Nxe4 {[%clk
0:59:38]} Nd7 {[%clk 0:59:02]} 5. Nf3 {[%clk 0:59:21]} Ngf6 {[%clk 0:58:36]} 6.
Bg5 {[%clk 0:58:58]} Be7 {[%clk 0:58:07]} 7. Nxf6+ {[%clk 0:58:22]} Nxf6 {[%clk
0:57:55]} 8. Bc4 {[%clk 0:57:31]} Ne4 {[%clk 0:56:08]} 9. Bxe7 {[%clk 0:56:54]}
Qxe7 {[%clk 0:55:57]} 10. Qd3 {[%clk 0:56:30]} Nf6 {[%clk 0:55:40]} 11. O-O O-O
{[%clk 0:55:32]} 12. c3 {[%clk 0:55:04]} c6 {[%clk 0:54:43]} 13. Rfe1 {[%clk
0:54:23]} Qc7 {[%clk 0:53:31]} 14. Bb3 {[%clk 0:53:03]} b6 {[%clk 0:52:28]} 15.
c4 {[%clk 0:52:44]} Bb7 {[%clk 0:52:02]} 16. Bc2 {[%clk 0:51:48]} Rad8 {[%clk
0:51:02]} 17. Rad1 {[%clk 0:50:02]} c5 {[%clk 0:49:24]} 18. Re2 {[%clk
0:47:42]} cxd4 {[%clk 0:47:06]} 19. Nxd4 {[%clk 0:45:40]} e5 {[%clk 0:46:21]}
20. Nb5 {[%clk 0:45:31]} Qc6 {[%clk 0:45:35]} 21. Qf3 {[%clk 0:44:20]} Qxf3
{[%clk 0:44:26]} 22. gxf3 {[%clk 0:44:14]} Rxd1+ {[%clk 0:43:49]} 23. Bxd1
{[%clk 0:44:02]} Bxf3 {[%clk 0:42:20]} 24. Rd2 {[%clk 0:43:41]} Bxd1 {[%clk
0:41:14]} 25. Rxd1 {[%clk 0:43:36]} a6 {[%clk 0:39:31]} 26. Nc7 {[%clk
0:43:17]} a5 {[%clk 0:39:00]} 27. Nd5 {[%clk 0:42:55]} Nxd5 {[%clk 0:37:26]}
28. cxd5 {[%clk 0:40:21]} Rd8 {[%clk 0:37:20]} 29. f3 {[%clk 0:40:12]} Kf8
{[%clk 0:37:12]} 30. Kf2 {[%clk 0:40:01]} Ke7 {[%clk 0:36:57]} 31. Ke3 {[%clk
0:39:49]} f5 {[%clk 0:36:51]} 32. h4 {[%clk 0:39:23]} g6 {[%clk 0:34:50]} 33.
Rd3 {[%clk 0:38:02]} b5 {[%clk 0:33:39]} 34. b3 {[%clk 0:37:05]} Kd6 {[%clk
0:33:16]} 35. Rd1 {[%clk 0:36:36]} Rc8 {[%clk 0:32:00]} 36. a3 {[%clk 0:34:25]}
Rc3+ {[%clk 0:31:04]} 37. Rd3 {[%clk 0:33:50]} Rxd3+ {[%clk 0:30:54]} 38. Kxd3
{[%clk 0:33:33]} Kxd5 {[%clk 0:30:49]} 39. b4 {[%clk 0:33:01]} axb4 {[%clk
0:30:17]} 40. axb4 e4+ {[%clk 0:30:09]} 41. fxe4+ {[%clk 0:32:31]} fxe4+ {[%clk
0:30:04]} 42. Ke3 {[%clk 0:32:21]} Ke5 {[%clk 0:29:43]} 43. Ke2 {[%clk
0:32:09]} Kf4 {[%clk 0:29:20]} 44. Kf2 {[%clk 0:32:00]} e3+ {[%clk 0:28:14]}
45. Ke2 {[%clk 0:31:56]} Ke4 {[%clk 0:26:52]} 46. Kf1 {[%clk 0:31:45]} Kd3
{[%clk 0:26:46]} 47. Ke1 {[%clk 0:31:23]} e2 0-1

[Event "DVM U10 2015"]
[Site "Magdeburg GER"]
[Date "2015.12.28"]
[Round "4"]
[White "Brinkschröder, Josh"]
[Black "Henry, Eric"]
[Result "0-1"]
[Termination "normal"]
[Board "1.4"]
[WhiteElo "745"]
[BlackElo "1374"]
[WhiteTeam "SchachAkademiePaderborn 1"]
[BlackTeam "Hamburger SK von 1830 1"]
[PlyCount "128"]
[WhiteFideId "16274903"]
[BlackFideId "16210140"]
[EventCountry "GER"]
[EventRounds "7"]
[EventType "team-swiss"]
[EventDate "2015.12.27"]

1. d4 d5 2. Nf3 Nf6 3. Bf4 Nc6 4. c3 Bf5 5. e3 e6 6. Bb5 a6 7. Bxc6+ bxc6 8.
Qa4 Qd7 9. Ne5 Qc8 10. Qxc6+ Ke7 11. Bg5 h6 12. Bh4 g5 13. Bg3 Bg7 14. Nd2 Ne4
15. Nxe4 dxe4 16. f4 exf3 17. gxf3 Rb8 18. b3 Bxe5 19. Bxe5 Qb7 20. Qxb7 Rxb7
21. Bxh8 f6 22. O-O-O Rb8 23. e4 Bh3 24. Bg7 Bg2 25. Rhg1 Bxf3 26. e5 Bxd1 27.
Rxd1 Kf7 28. Bxh6 Kg6 29. Bxg5 Kxg5 30. Rf1 fxe5 31. dxe5 Rh8 32. a4 Rxh2 33.
b4 Rh4 34. Rf7 a5 35. Re7 Kf5 36. Rxc7 axb4 37. cxb4 Rxb4 38. a5 Ra4 39. Ra7
Kxe5 40. Kb2 Kd4 41. Kb3 Ra1 42. Kb4 Rb1+ 43. Ka4 Kc3 44. Rc7+ Kd4 45. a6 e5
46. a7 e4 47. a8=Q Ra1+ 48. Kb4 Rxa8 49. Rd7+ Ke3 50. Kc3 Rc8+ 51. Kb2 Ke2 52.
Rh7 e3 53. Rh2+ Kf1 54. Rh1+ Ke2 55. Rh2+ Kd3 56. Rh1 e2 57. Re1 Kd2 58. Rh1
e1=Q 59. Rh2+ Qe2 60. Rh3 Qb5+ 61. Ka2 Ra8+ 62. Ra3 Qc4+ 63. Kb2 Qc2+ 64. Ka1
Rxa3# 0-1

[Event "DVM U10 2015"]
[Site "Magdeburg GER"]
[Date "2015.12.28"]
[Round "4"]
[White "Senechal, Niklas Bennett"]
[Black "Reuter, Elisa"]
[Result "1/2-1/2"]
[Termination "normal"]
[Board "2.1"]
[WhiteElo "992"]
[BlackElo "1547"]
[WhiteClock "00:22:42"]
[BlackClock "00:15:19"]
[WhiteTeam "Lübecker SV von 1873"]
[BlackTeam "SV Empor Erfurt 1"]
[PlyCount "107"]
[WhiteFideId "16231180"]
[BlackFideId "12995444"]
[EventCountry "GER"]
[EventRounds "7"]
[EventType "team-swiss"]
[EventDate "2015.12.27"]

1. d4 {[%clk 0:59:58]} d5 {[%clk 0:59:58]} 2. c4 {[%clk 0:59:50]} c6 {[%clk
0:59:54]} 3. Nc3 {[%clk 0:59:42]} e6 {[%clk 0:59:48]} 4. Bf4 {[%clk 0:59:30]}
Bb4 {[%clk 0:59:06]} 5. Nf3 {[%clk 0:59:15]} Nf6 {[%clk 0:57:13]} 6. e3 {[%clk
0:58:39]} Ne4 {[%clk 0:56:55]} 7. Rc1 {[%clk 0:58:18]} Qa5 {[%clk 0:56:38]} 8.
Qb3 {[%clk 0:57:09]} Nxc3 9. bxc3 {[%clk 0:56:58]} Be7 {[%clk 0:54:50]} 10. Bd3
{[%clk 0:56:35]} Nd7 {[%clk 0:52:56]} 11. O-O {[%clk 0:56:16]} O-O {[%clk
0:52:42]} 12. Qc2 {[%clk 0:55:52]} Nf6 {[%clk 0:52:05]} 13. Be5 {[%clk
0:54:53]} dxc4 {[%clk 0:50:26]} 14. Bxc4 {[%clk 0:54:24]} h6 {[%clk 0:48:35]}
15. Bd3 {[%clk 0:54:08]} Qd8 {[%clk 0:46:08]} 16. Rfd1 {[%clk 0:52:14]} Bd6
{[%clk 0:44:39]} 17. h3 {[%clk 0:51:05]} Qe7 {[%clk 0:43:10]} 18. e4 {[%clk
0:49:28]} Bxe5 {[%clk 0:40:46]} 19. Nxe5 {[%clk 0:49:09]} c5 {[%clk 0:39:34]}
20. a4 {[%clk 0:46:30]} Nh5 {[%clk 0:37:04]} 21. Qd2 {[%clk 0:44:53]} Nf6
{[%clk 0:35:40]} 22. Bb5 {[%clk 0:43:33]} a6 {[%clk 0:34:59]} 23. Be2 {[%clk
0:42:52]} Nxe4 {[%clk 0:34:35]} 24. Qe3 {[%clk 0:41:37]} Nf6 {[%clk 0:33:40]}
25. dxc5 {[%clk 0:41:08]} Nd5 {[%clk 0:33:27]} 26. Qd4 {[%clk 0:40:25]} Qf6
{[%clk 0:29:32]} 27. Bf3 {[%clk 0:39:22]} Nf4 28. Nd7 {[%clk 0:37:53]} Qxd4
{[%clk 0:27:32]} 29. Rxd4 {[%clk 0:37:18]} Bxd7 {[%clk 0:26:10]} 30. Rxd7
{[%clk 0:36:57]} Rab8 {[%clk 0:25:33]} 31. Kf1 {[%clk 0:36:42]} Rfc8 {[%clk
0:25:05]} 32. Bxb7 {[%clk 0:36:13]} Rxc5 {[%clk 0:24:54]} 33. Bxa6 {[%clk
0:35:56]} Rb3 {[%clk 0:24:17]} 34. Rd8+ {[%clk 0:35:30]} Kh7 {[%clk 0:24:09]}
35. Rc8 {[%clk 0:35:13]} Rxc8 {[%clk 0:23:00]} 36. Bxc8 Nd5 {[%clk 0:22:50]}
37. c4 {[%clk 0:34:15]} Nb6 {[%clk 0:22:43]} 38. Ba6 {[%clk 0:33:41]} Nxa4
{[%clk 0:22:19]} 39. c5 {[%clk 0:33:29]} Rc3 {[%clk 0:21:32]} 40. Rxc3 {[%clk
0:33:13]} Nxc3 {[%clk 0:21:26]} 41. c6 {[%clk 0:32:49]} Nd5 {[%clk 0:21:21]}
42. Ke2 {[%clk 0:32:40]} Kg8 {[%clk 0:21:15]} 43. Kd3 {[%clk 0:32:33]} Kf8
{[%clk 0:21:09]} 44. Kc4 {[%clk 0:32:24]} Nc7 {[%clk 0:20:42]} 45. Bb7 {[%clk
0:31:56]} Ke7 {[%clk 0:20:34]} 46. Kc5 {[%clk 0:31:43]} g5 {[%clk 0:20:06]} 47.
Kb6 {[%clk 0:31:04]} Kd6 {[%clk 0:20:00]} 48. Bc8 {[%clk 0:30:25]} f5 {[%clk
0:19:07]} 49. f3 {[%clk 0:26:44]} h5 {[%clk 0:18:51]} 50. g4 {[%clk 0:25:02]}
fxg4 {[%clk 0:18:20]} 51. fxg4 h4 {[%clk 0:17:31]} 52. Bd7 {[%clk 0:24:05]} e5
{[%clk 0:17:05]} 53. Bf5 {[%clk 0:23:56]} Nd5+ {[%clk 0:15:19]} 54. Kb7 {[%clk
0:22:42]} 1/2-1/2

[Event "DVM U10 2015"]
[Site "Magdeburg GER"]
[Date "2015.12.28"]
[Round "4"]
[White "Kazuch, Vincent"]
[Black "Bornholdt, Joa Max"]
[Result "1-0"]
[Termination "normal"]
[Board "2.2"]
[WhiteElo "1696"]
[BlackElo "1060"]
[WhiteClock "00:29:56"]
[BlackClock "00:26:37"]
[WhiteTeam "SV Empor Erfurt 1"]
[BlackTeam "Lübecker SV von 1873"]
[PlyCount "81"]
[WhiteFideId "12971480"]
[BlackFideId "16253477"]
[EventCountry "GER"]
[EventRounds "7"]
[EventType "team-swiss"]
[EventDate "2015.12.27"]

1. e4 {[%clk 1:00:00]} e5 {[%clk 0:59:57]} 2. Nf3 {[%clk 0:59:56]} Nc6 {[%clk
0:59:50]} 3. d4 {[%clk 0:59:52]} exd4 {[%clk 0:59:32]} 4. Nxd4 {[%clk 0:59:46]}
Nf6 {[%clk 0:59:02]} 5. Nc3 {[%clk 0:59:34]} Bb4 {[%clk 0:58:29]} 6. f3 {[%clk
0:59:12]} d5 {[%clk 0:58:05]} 7. Bd3 {[%clk 0:58:27]} Nxd4 {[%clk 0:57:43]} 8.
O-O {[%clk 0:57:56]} dxe4 {[%clk 0:57:00]} 9. Nxe4 {[%clk 0:57:50]} O-O {[%clk
0:54:56]} 10. c3 {[%clk 0:57:27]} Bc5 {[%clk 0:53:51]} 11. cxd4 {[%clk
0:57:12]} Bxd4+ {[%clk 0:52:49]} 12. Kh1 {[%clk 0:57:01]} Bf5 {[%clk 0:52:09]}
13. Nxf6+ {[%clk 0:56:45]} Qxf6 {[%clk 0:51:59]} 14. Bxf5 {[%clk 0:56:32]} Rad8
{[%clk 0:50:42]} 15. Qc2 {[%clk 0:56:09]} Be5 {[%clk 0:48:45]} 16. f4 {[%clk
0:55:13]} Bd4 {[%clk 0:47:24]} 17. Bxh7+ {[%clk 0:54:29]} Kh8 {[%clk 0:47:04]}
18. Be4 {[%clk 0:52:35]} c5 {[%clk 0:46:03]} 19. Rf3 {[%clk 0:52:00]} Rfe8
{[%clk 0:45:12]} 20. Bd2 {[%clk 0:46:54]} Bxb2 {[%clk 0:43:01]} 21. Re1 {[%clk
0:46:35]} Bd4 {[%clk 0:42:03]} 22. Qa4 {[%clk 0:45:47]} Qe7 {[%clk 0:38:40]}
23. Rh3+ {[%clk 0:45:18]} Kg8 {[%clk 0:37:50]} 24. Bh7+ {[%clk 0:44:55]} Kf8
{[%clk 0:37:42]} 25. Rxe7 {[%clk 0:44:00]} Rxe7 {[%clk 0:37:35]} 26. Rf3 {[%clk
0:42:26]} Bb2 {[%clk 0:35:49]} 27. Qc2 {[%clk 0:41:08]} Red7 {[%clk 0:35:04]}
28. Qxc5+ {[%clk 0:36:26]} Re7 {[%clk 0:34:04]} 29. Re3 {[%clk 0:35:27]} Bf6
{[%clk 0:33:53]} 30. Rxe7 {[%clk 0:34:17]} Bxe7 {[%clk 0:33:35]} 31. Qc2 {[%clk
0:33:58]} Ke8 {[%clk 0:31:47]} 32. h3 {[%clk 0:33:47]} Bd6 {[%clk 0:30:45]} 33.
Qa4+ {[%clk 0:33:19]} Ke7 {[%clk 0:29:26]} 34. Bb4 {[%clk 0:33:09]} Rc8 {[%clk
0:28:38]} 35. Bxd6+ {[%clk 0:32:49]} Kxd6 {[%clk 0:28:29]} 36. Qb4+ {[%clk
0:32:26]} Kd5 {[%clk 0:28:12]} 37. Be4+ {[%clk 0:31:28]} Ke6 {[%clk 0:27:55]}
38. Qxb7 {[%clk 0:30:54]} Rd8 {[%clk 0:27:26]} 39. Qxa7 {[%clk 0:30:26]} f5
{[%clk 0:27:09]} 40. Qb6+ {[%clk 0:30:09]} Rd6 {[%clk 0:26:37]} 41. Bxf5+
{[%clk 0:29:56]} 1-0

[Event "DVM U10 2015"]
[Site "Magdeburg GER"]
[Date "2015.12.28"]
[Round "4"]
[White "Saage, Paul"]
[Black "Reuter, Marek"]
[Result "1-0"]
[Termination "normal"]
[Board "2.3"]
[WhiteElo "926"]
[BlackElo "1209"]
[WhiteClock "00:46:09"]
[BlackClock "00:37:03"]
[WhiteTeam "Lübecker SV von 1873"]
[BlackTeam "SV Empor Erfurt 1"]
[PlyCount "65"]
[WhiteFideId "16233891"]
[BlackFideId "16226712"]
[EventCountry "GER"]
[EventRounds "7"]
[EventType "team-swiss"]
[EventDate "2015.12.27"]

1. e4 {[%clk 0:59:56]} c6 {[%clk 0:59:57]} 2. d4 {[%clk 0:59:43]} d5 {[%clk
0:59:53]} 3. exd5 {[%clk 0:59:27]} cxd5 {[%clk 0:59:46]} 4. Nc3 {[%clk
0:59:13]} Nf6 {[%clk 0:59:41]} 5. Nf3 {[%clk 0:59:03]} Bf5 {[%clk 0:59:33]} 6.
Bb5+ {[%clk 0:58:51]} Nbd7 {[%clk 0:59:23]} 7. Bf4 {[%clk 0:58:34]} e6 {[%clk
0:59:12]} 8. a3 {[%clk 0:58:16]} a6 {[%clk 0:59:07]} 9. Bxd7+ {[%clk 0:58:03]}
Qxd7 {[%clk 0:59:02]} 10. Ne5 {[%clk 0:57:42]} Qd8 {[%clk 0:58:17]} 11. O-O
{[%clk 0:57:26]} Bd6 {[%clk 0:58:11]} 12. h3 {[%clk 0:57:05]} O-O {[%clk
0:57:54]} 13. Re1 {[%clk 0:56:55]} Qe7 {[%clk 0:56:53]} 14. Na4 {[%clk
0:56:07]} b5 {[%clk 0:56:39]} 15. Nc3 {[%clk 0:55:41]} Rfc8 {[%clk 0:56:14]}
16. Qd2 {[%clk 0:54:37]} a5 {[%clk 0:55:14]} 17. Rac1 {[%clk 0:53:28]} b4
{[%clk 0:55:06]} 18. Nb5 {[%clk 0:53:02]} bxa3 {[%clk 0:53:59]} 19. Nxd6 Qxd6
{[%clk 0:53:43]} 20. Nxf7 {[%clk 0:52:07]} Qc7 {[%clk 0:53:23]} 21. Bxc7 {[%clk
0:51:55]} Rxc7 {[%clk 0:53:12]} 22. Nd6 {[%clk 0:51:38]} Bg6 {[%clk 0:52:59]}
23. bxa3 {[%clk 0:51:26]} Rc6 {[%clk 0:51:37]} 24. Nb5 {[%clk 0:50:50]} Ne4
{[%clk 0:50:55]} 25. Qe2 {[%clk 0:50:31]} Rb8 {[%clk 0:48:36]} 26. c4 {[%clk
0:49:55]} Rcb6 {[%clk 0:44:24]} 27. a4 {[%clk 0:49:07]} Rf8 {[%clk 0:44:05]}
28. Rf1 {[%clk 0:48:34]} Rf7 {[%clk 0:42:35]} 29. c5 {[%clk 0:48:11]} Rc6
{[%clk 0:42:09]} 30. Qe1 {[%clk 0:47:22]} Ng5 {[%clk 0:37:37]} 31. Qxa5 {[%clk
0:46:56]} Bd3 {[%clk 0:37:27]} 32. Rfd1 {[%clk 0:46:25]} Bc4 {[%clk 0:37:03]}
33. Qd8+ {[%clk 0:46:09]} 1-0

[Event "DVM U10 2015"]
[Site "Magdeburg GER"]
[Date "2015.12.28"]
[Round "4"]
[White "Brunner, Alexander"]
[Black "Morgenstern, Tobias"]
[Result "0-1"]
[Termination "normal"]
[Board "3.2"]
[WhiteElo "1222"]
[BlackElo "1342"]
[WhiteTeam "Hagener SV"]
[BlackTeam "Schachzwerge Magdeburg 1"]
[PlyCount "106"]
[WhiteFideId "12965278"]
[BlackFideId "12974390"]
[EventCountry "GER"]
[EventRounds "7"]
[EventType "team-swiss"]
[EventDate "2015.12.27"]

1. e4 e5 2. d4 exd4 3. Qxd4 Nc6 4. Qe3 Bb4+ 5. Bd2 d6 6. Nc3 Nf6 7. O-O-O O-O
8. Qg3 Bxc3 9. Bxc3 Be6 10. f4 Qe7 11. Nf3 Nh5 12. Qh4 Qxh4 13. Nxh4 Nxf4 14.
Bd3 Nxd3+ 15. Rxd3 Ne5 16. Rg3 Ng6 17. Nf5 Bxf5 18. exf5 Ne5 19. f6 g6 20. h4
h5 21. Rg5 Rfe8 22. Rh3 Re6 23. Rhg3 Rd8 24. Rxh5 Rxf6 25. Rhg5 Re6 26. h5 Kh7
27. hxg6+ Rxg6 28. Rh3+ Kg7 29. Rxg6+ Kxg6 30. Rg3+ Kf6 31. Rf3+ Ke6 32. Rh3
Rg8 33. Rh4 Rxg2 34. Rb4 b6 35. Ra4 a5 36. b4 Rg4 37. Kb2 b5 38. Rxa5 Nc4+ 39.
Kb3 Nxa5+ 40. bxa5 c5 41. a3 f5 42. a6 Ra4 43. Ba5 Rxa5 44. a4 bxa4+ 45. Ka3
Rxa6 46. c4 f4 47. Ka2 a3 48. Ka1 a2 49. Kb2 a1=Q+ 50. Kb3 Ra3+ 51. Kc2 Qa2+
52. Kc1 Rb3 53. Kd1 Rb1# 0-1

[Event "DVM U10 2015"]
[Site "Magdeburg GER"]
[Date "2015.12.28"]
[Round "4"]
[White "Joppich, Til"]
[Black "Maul, Maik"]
[Result "1-0"]
[Termination "normal"]
[Board "3.3"]
[WhiteElo "1515"]
[BlackElo "1378"]
[WhiteTeam "Schachzwerge Magdeburg 1"]
[BlackTeam "Hagener SV"]
[PlyCount "63"]
[WhiteFideId "16232917"]
[BlackFideId "16204816"]
[EventCountry "GER"]
[EventRounds "7"]
[EventType "team-swiss"]
[EventDate "2015.12.27"]

1. e4 d5 2. exd5 Qxd5 3. Nc3 Qa5 4. d4 Nf6 5. Nf3 Bg4 6. h3 Bh5 7. g4 Bg6 8.
Ne5 Nc6 9. Nc4 Qa6 10. Nd6+ exd6 11. Bxa6 bxa6 12. Be3 d5 13. Qd2 Be7 14. O-O-O
Rb8 15. Bg5 O-O 16. Qe3 Rb7 17. Bxf6 Bxf6 18. Nxd5 Rfb8 19. b3 Rd8 20. f4 h6
21. Nxf6+ gxf6 22. f5 Bh7 23. Rhe1 Nb4 24. Kb2 Nd5 25. Qe4 Nb6 26. Qxb7 a5 27.
Qxc7 Rf8 28. d5 h5 29. Rg1 Kh8 30. Qd6 Rg8 31. Qxf6+ Rg7 32. gxh5 1-0

[Event "DVM U10 2015"]
[Site "Magdeburg GER"]
[Date "2015.12.28"]
[Round "4"]
[White "Schönfeld, Fynn"]
[Black "Heutling, Elina"]
[Result "0-1"]
[Termination "normal"]
[Board "3.4"]
[WhiteElo "1306"]
[BlackElo "1232"]
[WhiteTeam "Hagener SV"]
[BlackTeam "Schachzwerge Magdeburg 1"]
[PlyCount "70"]
[WhiteFideId "16204859"]
[BlackFideId "16244729"]
[EventCountry "GER"]
[EventRounds "7"]
[EventType "team-swiss"]
[EventDate "2015.12.27"]

1. d4 d5 2. Nf3 Nf6 3. Nc3 e6 4. Bf4 Bd6 5. Bxd6 Qxd6 6. e3 O-O 7. Bd3 c5 8.
O-O Nc6 9. Re1 e5 10. Nb5 Qe7 11. dxe5 Nxe5 12. Nxe5 Qxe5 13. Nc3 b6 14. f4 Qd6
15. Nb5 Qc6 16. Qf3 a6 17. Nc3 Re8 18. Rad1 Bg4 19. Qf2 Bxd1 20. Rxd1 Ne4 21.
Bxe4 dxe4 22. Ne2 Rad8 23. Rxd8 Rxd8 24. Qe1 Qd5 25. Nc3 Qd2 26. Qxd2 Rxd2 27.
Nxe4 Rxc2 28. Nc3 Rxb2 29. a4 Rc2 30. Nd5 b5 31. axb5 axb5 32. Nb6 b4 33. Kf1
b3 34. Ke1 b2 35. Kd1 b1=Q# 0-1

[Event "DVM U10 2015"]
[Site "Magdeburg GER"]
[Date "2015.12.28"]
[Round "4"]
[White "Junghans, Richard"]
[Black "Hommer, Jeremy"]
[Result "0-1"]
[Termination "normal"]
[Board "4.1"]
[WhiteElo "1188"]
[BlackElo "1679"]
[WhiteTeam "BSG Grün-Weiß Leipzig 1"]
[BlackTeam "SC Turm Lüneburg"]
[PlyCount "48"]
[WhiteFideId "16214544"]
[BlackFideId "12992577"]
[EventCountry "GER"]
[EventRounds "7"]
[EventType "team-swiss"]
[EventDate "2015.12.27"]

1. e4 c6 2. d4 d5 3. Nc3 dxe4 4. Nxe4 Nf6 5. Qd3 Nxe4 6. Qxe4 Nd7 7. Bc4 Nf6 8.
Qd3 g6 9. Be3 Bf5 10. Qd2 Bg7 11. Bd3 Ne4 12. Bxe4 Bxe4 13. f3 Bf5 14. Ne2 Qd7
15. Qb4 O-O 16. Qd2 Rfe8 17. Rd1 Rad8 18. c3 Qc8 19. Bh6 Bh8 20. Bf4 e5 21. Be3
exd4 22. cxd4 Qe6 23. Bg5 Rxd4 24. Qc1 Qxe2# 0-1

[Event "DVM U10 2015"]
[Site "Magdeburg GER"]
[Date "2015.12.28"]
[Round "4"]
[White "Wusterack, Paul"]
[Black "Lindner, Ben"]
[Result "1-0"]
[Termination "normal"]
[Board "4.2"]
[WhiteElo "990"]
[BlackElo "1133"]
[WhiteTeam "SC Turm Lüneburg"]
[BlackTeam "BSG Grün-Weiß Leipzig 1"]
[PlyCount "128"]
[WhiteFideId "16255356"]
[BlackFideId "16214552"]
[EventCountry "GER"]
[EventRounds "7"]
[EventType "team-swiss"]
[EventDate "2015.12.27"]

1. e4 e5 2. Nf3 Nc6 3. Bc4 Bc5 4. O-O Nf6 5. d3 d6 6. h3 Bd7 7. Nc3 Nd4 8. Nxd4
Bxd4 9. Nd5 Nxd5 10. Bxd5 c6 11. Bc4 Qe7 12. c3 Bb6 13. Be3 Bxe3 14. fxe3 O-O
15. Qe2 Be6 16. Bxe6 Qxe6 17. d4 f6 18. c4 c5 19. d5 Qe7 20. b3 Qd7 21. Qf3 Qf7
22. a3 Qg6 23. Qf5 Qh6 24. Qe6+ Kh8 25. Qxd6 Qxe3+ 26. Kh1 Rac8 27. b4 cxb4 28.
Qxb4 Qxe4 29. Qxb7 Qxc4 30. Qxa7 Qxd5 31. a4 Ra8 32. Qb6 Qa5 33. Qb3 h6 34.
Rfd1 Rfb8 35. Qf7 Ra7 36. Rd5 Rxf7 37. Rxa5 Rfb7 38. Kh2 Re7 39. Rc1 e4 40. Rb5
Ra8 41. a5 e3 42. Re1 e2 43. Kg3 Rea7 44. Rxe2 Rxa5 45. Re8+ Rxe8 46. Rxa5 Kh7
47. Kh4 Re5 48. Ra4 Re2 49. Kg3 Re5 50. Kf3 Rf5+ 51. Kg4 Rg5+ 52. Kf3 Kg6 53.
h4 Rf5+ 54. Kg3 Kh5 55. Kh3 g5 56. g4+ Kg6 57. gxf5+ Kxf5 58. hxg5 hxg5 59. Kg3
Kg6 60. Ra6 Kf7 61. Kg4 Kg6 62. Rb6 Kf7 63. Kf5 g4 64. Rxf6+ Ke7 1-0

[Event "DVM U10 2015"]
[Site "Magdeburg GER"]
[Date "2015.12.28"]
[Round "4"]
[White "Bildat, Emilia"]
[Black "Güldenpfennig, Carl"]
[Result "1/2-1/2"]
[Termination "normal"]
[Board "4.4"]
[WhiteElo "981"]
[BlackElo "1049"]
[WhiteTeam "SC Turm Lüneburg"]
[BlackTeam "BSG Grün-Weiß Leipzig 1"]
[PlyCount "55"]
[WhiteFideId "16218140"]
[EventCountry "GER"]
[EventRounds "7"]
[EventType "team-swiss"]
[EventDate "2015.12.27"]

1. d4 d5 2. Nf3 e6 3. Bf4 f5 4. e3 Nf6 5. Ne5 Nbd7 6. Be2 Be7 7. O-O Nxe5 8.
dxe5 Ne4 9. Bh5+ g6 10. Bf3 Bf8 11. Bxe4 fxe4 12. c4 Bg7 13. Nc3 c6 14. b3 Bd7
15. Qg4 Qa5 16. Rac1 O-O-O 17. Rfd1 dxc4 18. bxc4 Bxe5 19. Bxe5 Qxe5 20. Rd2
Qf6 21. Nxe4 Qe7 22. Nd6+ Kc7 23. Qg3 e5 24. Rd4 h5 25. h4 g5 26. Rcd1 gxh4 27.
Rxh4 Rhg8 28. Qh2 1/2-1/2